[Event "1. OEsterreichische Internet Schach Meisterschaft - Vorrunde 1"]
[Site "Online - Playchess.com"]
[Date ""]
[Round "1"]
[Board "48"]
[White "Guetz, Wolfgang"]
[Black "Kern, Michael"]
[Result "0-1"]
[WhiteElo "2078"]
[BlackElo "1957"]
[PlyCount "104"]
[EventDate "2020.04.11"]
[EventRounds "9"]
[EventCountry "AUT"]

1. e4 d6 2. d4 Nf6 3. Nc3 Nbd7 4. Nf3 e5 5. Bg5 Be7 6. Bd3 c6 7. O-O Qc7 8. Re1
h6 9. Bh4 Nf8 10. dxe5 dxe5 11. Bc4 Ng6 12. Bg3 O-O 13. Qe2 Bg4 14. h3 Bh5 15.
Qe3 Nh7 16. Nh2 Bg5 17. Qc5 Nf4 18. Bxf4 exf4 19. Be2 Bxe2 20. Nxe2 Nf6 21. Nc3
Rfe8 22. Nf3 Nd7 23. Qc4 Bf6 24. Rad1 Ne5 25. Nxe5 Bxe5 26. Qe2 Bxc3 27. bxc3
Qe5 28. Rd4 Rad8 29. Red1 Rxd4 30. Rxd4 Qa5 31. Qc4 Qb6 32. Rd7 Rf8 33. Qb3
Qxb3 34. cxb3 Rb8 35. Kf1 Kf8 36. Ke2 Ke8 37. Rc7 g6 38. Kf3 g5 39. h4 gxh4 40.
Kxf4 Rd8 41. Rxb7 Rd2 42. Kf3 Rxa2 43. Rc7 Ra3 44. Rxc6 Rxb3 45. Kg4 Rb2 46.
Rf6 Rc2 47. Rf3 a5 48. Kxh4 a4 49. Kh5 a3 50. c4 a2 51. Ra3 Rxf2 52. g4 Rh2+ {
VarggÃƒÂ¥ng gibt auf}  0-1

[Event "1. OEsterreichische Internet Schach Meisterschaft - Vorrunde 1"]
[Site "Online - Playchess.com"]
[Date ""]
[Round "1"]
[Board "49"]
[White "Horvath, Maria"]
[Black "Charaus, Florian"]
[Result "0-1"]
[WhiteElo "1995"]
[BlackElo "2055"]
[PlyCount "130"]
[EventDate "2020.04.11"]
[EventRounds "9"]
[EventCountry "AUT"]

1. d4 Nf6 2. Nf3 c5 3. e3 cxd4 4. exd4 g6 5. c4 Bg7 6. Nc3 O-O 7. Be2 d5 8. c5
Nc6 9. h3 Re8 10. Bf4 b6 11. cxb6 Qxb6 12. Qd2 Ne4 13. Nxe4 dxe4 14. Ne5 Nxd4
15. Bc4 Be6 16. Bxe6 Nxe6 17. Be3 Qd6 18. Nc4 Qxd2+ 19. Bxd2 Rac8 20. Rc1 Nd4
21. Be3 Red8 22. b3 e5 23. f4 exf4 24. Bxf4 f5 25. Kf2 Ne6 26. Be3 Bd4 27. Rhd1
Bxe3+ 28. Kxe3 Kg7 29. g3 Kf6 30. Na5 Rxc1 31. Rxc1 Rd3+ 32. Kf2 Ke5 33. Nc4+
Kd4 34. Rc2 Rf3+ 35. Kg2 Nc5 36. Nd2 Rd3 37. Rc4+ Kd5 38. Nf1 e3 39. Rc2 Ne4
40. Re2 Kd4 41. Kf3 Nd2+ 42. Kg2 Nxf1 43. Kxf1 Rd2 44. Rxd2+ exd2 45. Ke2 Kc3
46. Kd1 Kd3 47. b4 g5 48. b5 Kc4 49. a4 Kb4 50. Kxd2 Kxa4 51. Ke3 Kxb5 52. h4
gxh4 53. gxh4 a5 54. Kf4 a4 55. Kxf5 a3 56. Kg5 a2 57. Kh6 a1=Q 58. Kxh7 Kc6
59. h5 Kd7 60. h6 Qg1 61. Kh8 Qd4+ 62. Kg8 Qg4+ 63. Kh7 Ke7 64. Kh8 Kf7 65. h7
Qg7#  0-1

[Event "1. OEsterreichische Internet Schach Meisterschaft - Vorrunde 1"]
[Site "Online - Playchess.com"]
[Date ""]
[Round "1"]
[Board "50"]
[White "Hessenberger, Andreas"]
[Black "Teuschler, Hugo"]
[Result "1-0"]
[WhiteElo "2019"]
[BlackElo "2055"]
[PlyCount "117"]
[EventDate "2020.04.11"]
[EventRounds "9"]
[EventCountry "AUT"]

1. e4 c5 2. c3 d5 3. exd5 Qxd5 4. d4 Nf6 5. Nf3 Bg4 6. Be2 e6 7. O-O Nc6 8. Be3
cxd4 9. cxd4 Be7 10. Nc3 Qa5 11. h3 Bh5 12. a3 O-O 13. b4 Qd8 14. Rc1 a6 15.
Na4 Nd5 16. Nc5 Ra7 17. Ne4 Bg6 18. Nc5 Qb8 19. Nd7 Qd8 20. Nxf8 Bxf8 21. Bd3
Ra8 22. Bxg6 hxg6 23. Ne5 Nxe5 24. dxe5 Rc8 25. Qf3 Rxc1 26. Rxc1 Qd7 27. Bc5
Qc6 28. Qd1 Bxc5 29. Rxc5 Qd7 30. Qc1 Qa4 31. Rc8+ Kh7 32. Qg5 Qd1+ 33. Kh2 Qd4
34. f4 Qxf4+ 35. Qxf4 Nxf4 36. Rc7 Nd3 37. Rxf7 Nxe5 38. Rxb7 Nc4 39. Ra7 e5
40. Rxa6 e4 41. Rd6 Nxd6 42. a4 e3 43. Kg1 Kg8 44. a5 Nb5 45. a6 Kf7 46. Kf1
Ke6 47. Ke2 Kd5 48. Kxe3 Kc4 49. Kf4 Kxb4 50. Kg5 Ka5 51. Kxg6 Kxa6 52. Kxg7
Kb6 53. h4 Kc6 54. h5 Nd4 55. h6 Nf5+ 56. Kg6 Ne7+ 57. Kf7 Nf5 58. h7 Nh6+ 59.
Kg6  1-0

[Event "1. OEsterreichische Internet Schach Meisterschaft - Vorrunde 1"]
[Site "Online - Playchess.com"]
[Date ""]
[Round "1"]
[Board "51"]
[White "Moerwald, Magdalena"]
[Black "Riemelmoser, Stefan"]
[Result "0-1"]
[WhiteElo "1791"]
[BlackElo "2046"]
[PlyCount "84"]
[EventDate "2020.04.11"]
[EventRounds "9"]
[EventCountry "AUT"]

1. e4 e6 2. d4 d5 3. Bd3 dxe4 4. Bxe4 Nf6 5. Bf3 c5 6. Ne2 Nc6 7. c3 cxd4 8.
cxd4 Bb4+ 9. Nbc3 h6 10. O-O O-O 11. a3 Bd6 12. Bxc6 bxc6 13. Bf4 Bb7 14. Bxd6
Qxd6 15. Qc2 Rac8 16. Rad1 Rfd8 17. Ne4 Nxe4 18. Qxe4 Qe7 19. Qe3 Ba6 20. Rfe1
Bc4 21. Rd2 Bd5 22. Red1 Rb8 23. Nc3 Rb3 24. Qe5 Rdb8 25. Nxd5 cxd5 26. Qe2 Qb7
27. h3 Rxb2 28. Rxb2 Qxb2 29. Qe5 Rc8 30. Rd3 Qb1+ 31. Kh2 Qxd3 32. Qd6 Rc2 33.
Qb8+ Kh7 34. Qxa7 Rxf2 35. Qc7 Qe4 36. Qg3 Ra2 37. h4 Qxd4 38. Qf3 Qe4 39. Qg3
d4 40. h5 d3 41. Qd6 d2 42. Qe7 d1=Q  0-1

[Event "1. OEsterreichische Internet Schach Meisterschaft - Vorrunde 1"]
[Site "Online - Playchess.com"]
[Date ""]
[Round "1"]
[Board "52"]
[White "Leaua, Cristinel-Costel"]
[Black "Griessnig, Thomas"]
[Result "1-0"]
[WhiteElo "2045"]
[BlackElo "1895"]
[PlyCount "59"]
[EventDate "2020.04.11"]
[EventRounds "9"]
[EventCountry "AUT"]

1. e4 e6 2. d4 d5 3. exd5 exd5 4. c4 Nc6 5. cxd5 Qxd5 6. Nc3 Qxd4 7. Qe2+ Be7
8. Nf3 Qd8 9. Be3 Bg4 10. Rd1 Qc8 11. h3 Bxf3 12. Qxf3 Nf6 13. Bb5 O-O 14. Bxc6
bxc6 15. Qxc6 Rb8 16. b3 Bb4 17. O-O a5 18. Nb5 Qb7 19. Qxb7 Rxb7 20. a4 c6 21.
Nd4 Nd5 22. Nxc6 Nxe3 23. fxe3 Bc5 24. Rd3 Re8 25. Rf3 Bb6 26. g4 Rc7 27. Rd6
Bc5 28. Rd8 Rxd8 29. Nxd8 Kf8 30. Ne6+  1-0

[Event "1. OEsterreichische Internet Schach Meisterschaft - Vorrunde 1"]
[Site "Online - Playchess.com"]
[Date ""]
[Round "1"]
[Board "53"]
[White "Kubik, Gerhard"]
[Black "Meglitsch, Konstantin"]
[Result "0-1"]
[WhiteElo "1985"]
[BlackElo "2041"]
[PlyCount "80"]
[EventDate "2020.04.11"]
[EventRounds "9"]
[EventCountry "AUT"]

1. d4 Nf6 2. Nc3 g6 3. e4 d6 4. Bg5 Bg7 5. Qd2 O-O 6. O-O-O a6 7. Be2 b5 8. Bh6
b4 9. Nd5 Nxe4 10. Qf4 Bxh6 11. Qxh6 e6 12. Ne3 Qg5 13. Qxg5 Nxg5 14. Nf3 Ne4
15. Rhf1 Bb7 16. d5 e5 17. h4 h5 18. Nc4 a5 19. Ng5 Nxg5 20. hxg5 Kg7 21. g4
hxg4 22. Bxg4 Na6 23. f4 exf4 24. Rxf4 f5 25. gxf6+ Rxf6 26. Rdf1 Raf8 27. Rxf6
Rxf6 28. Rxf6 Kxf6 29. Nxa5 Bxd5 30. Be2 Nc5 31. Kd2 Kf5 32. Ke3 g5 33. Kd4 Be4
34. Bd3 Bxd3 35. cxd3 Kf4 36. Nc4 g4 37. Ne3 g3 38. Nd5+ Kf3 39. Nxc7 g2 40.
Kc4 g1=Q {Zeit}  0-1

[Event "1. OEsterreichische Internet Schach Meisterschaft - Vorrunde 1"]
[Site "Online - Playchess.com"]
[Date ""]
[Round "1"]
[Board "54"]
[White "Knoll, Martin"]
[Black "Kipman, Felix"]
[Result "1-0"]
[WhiteElo "2018"]
[BlackElo "1576"]
[PlyCount "43"]
[EventDate "2020.04.11"]
[EventRounds "9"]
[EventCountry "AUT"]

1. d4 d5 2. Nc3 e6 3. e4 c5 4. e5 Nc6 5. f4 f6 6. Nf3 fxe5 7. dxe5 d4 8. Ne4
Nge7 9. Bd2 Nd5 10. Bc4 Ncb4 11. a3 Nc6 12. O-O Be7 13. Nfg5 O-O 14. Bd3 b6 15.
Qh5 Bxg5 16. Nxg5 h6 17. Qg6 Rf5 18. Bxf5 exf5 19. Qh7+ Kf8 20. Qh8+ Ke7 21.
Qxg7+ Ke8 22. Qf7#  1-0

[Event "1. OEsterreichische Internet Schach Meisterschaft - Vorrunde 1"]
[Site "Online - Playchess.com"]
[Date ""]
[Round "1"]
[Board "55"]
[White "Sulzbacher, Michael"]
[Black "Kaltenbeck, Dieter"]
[Result "1-0"]
[WhiteElo "2018"]
[BlackElo "1314"]
[PlyCount "37"]
[EventDate "2020.04.11"]
[EventRounds "9"]
[EventCountry "AUT"]

1. b3 Nc6 2. Bb2 b6 3. f4 Bb7 4. Nf3 d6 5. e3 Qd7 6. Bb5 a6 7. Bxc6 Bxc6 8. O-O
Bxf3 9. Qxf3 c6 10. c4 f6 11. d4 O-O-O 12. Nc3 h5 13. a4 h4 14. b4 h3 15. g3
Nh6 16. b5 c5 17. dxc5 bxc5 18. Qa8+ Kc7 19. Nd5#  1-0

[Event "1. OEsterreichische Internet Schach Meisterschaft - Vorrunde 1"]
[Site "Online - Playchess.com"]
[Date ""]
[Round "1"]
[Board "56"]
[White "Staudacher, Karl-Heinz"]
[Black "Missethan, Michael"]
[Result "0-1"]
[WhiteElo "1734"]
[BlackElo "2015"]
[PlyCount "35"]
[EventDate "2020.04.11"]
[EventRounds "9"]
[EventCountry "AUT"]

1. Nf3 Nf6 2. g3 d5 3. Bg2 c5 4. c4 e6 5. O-O Be7 6. b3 O-O 7. Bb2 Nc6 8. Nc3
b6 9. cxd5 exd5 10. e3 Bb7 11. Rb1 Rc8 12. a3 Re8 13. Qc2 d4 14. exd4 Nxd4 15.
Nxd4 Bxg2 16. Kxg2 cxd4 17. Nb5 Rxc2 18. Nxa7  0-1

[Event "1. OEsterreichische Internet Schach Meisterschaft - Vorrunde 1"]
[Site "Online - Playchess.com"]
[Date ""]
[Round "1"]
[Board "57"]
[White "Kuzmanovic, Zeljko"]
[Black "Kainz, Josef"]
[Result "1-0"]
[WhiteElo "1811"]
[BlackElo "2005"]
[PlyCount "61"]
[EventDate "2020.04.11"]
[EventRounds "9"]
[EventCountry "AUT"]

1. Nf3 Nf6 2. c4 g6 3. d4 Bg7 4. g3 O-O 5. Bg2 d5 6. b3 c6 7. O-O a5 8. Nc3 Bg4
9. h3 Bf5 10. Nh4 Be6 11. Qd3 Na6 12. a3 Re8 13. Rd1 b6 14. e4 dxe4 15. Nxe4
Nxe4 16. Bxe4 Rc8 17. a4 f5 18. Bg2 Bf7 19. Ba3 Nb4 20. Bxb4 axb4 21. Nf3 c5
22. Rac1 cxd4 23. Nxd4 Bxd4 24. Qxd4 e5 25. Qe3 Qc7 26. Bd5 f4 27. Qf3 Rcd8 28.
gxf4 Bxd5 29. cxd5 exf4 30. Rxc7 g5 31. Qh5 {Kainzj gibt auf}  1-0

[Event "1. OEsterreichische Internet Schach Meisterschaft - Vorrunde 1"]
[Site "Online - Playchess.com"]
[Date ""]
[Round "1"]
[Board "58"]
[White "Schwabeneder, Alois"]
[Black "Glaner, Marcus Franz"]
[Result "0-1"]
[WhiteElo "2004"]
[BlackElo "1939"]
[PlyCount "112"]
[EventDate "2020.04.11"]
[EventRounds "9"]
[EventCountry "AUT"]

1. e4 d5 2. exd5 Nf6 3. d4 Nxd5 4. c4 Nb6 5. Nc3 Nc6 6. Nf3 Bg4 7. Be2 e6 8.
O-O Be7 9. a4 O-O 10. a5 Nd7 11. d5 Nb4 12. Bf4 exd5 13. Nxd5 Nxd5 14. cxd5 Nf6
15. Rc1 Nxd5 16. Bg3 c6 17. Ne5 Bxe2 18. Qxe2 Bf6 19. Nc4 Re8 20. Qg4 Re7 21.
h4 Qd7 22. Qf4 Rae8 23. Qf3 Re6 24. h5 Qd8 25. Rfd1 Bg5 26. Rc2 Qf6 27. Nd6
Qxf3 28. gxf3 Re1+ 29. Rxe1 Rxe1+ 30. Kg2 g6 31. hxg6 hxg6 32. Nxb7 Nf4+ 33.
Bxf4 Bxf4 34. Rxc6 Rb1 35. Nc5 Rxb2 36. Rc7 Be3 37. Nd7 Bxf2 38. Kh3 Ra2 39.
Nf6+ Kg7 40. Ne8+ Kf8 41. Nd6 f5 42. Nb5 Rxa5 43. Nd6 Ra3 44. Kg2 Bb6 45. Rb7
f4 46. Ne4 Ra2+ 47. Kh3 Be3 48. Nf6 a5 49. Nd5 a4 50. Kg4 a3 51. Kg5 Rg2+ 52.
Kf6 Kg8 53. Ne7+ Kh8 54. Rb8+ Kh7 55. Nxg6 Bd4+ 56. Kf7 Rxg6 {Zeit}  0-1

[Event "1. OEsterreichische Internet Schach Meisterschaft - Vorrunde 1"]
[Site "Online - Playchess.com"]
[Date ""]
[Round "1"]
[Board "59"]
[White "Katter, Marlene"]
[Black "Holzleithner, Johannes"]
[Result "0-1"]
[WhiteElo "1609"]
[BlackElo "1979"]
[PlyCount "106"]
[EventDate "2020.04.11"]
[EventRounds "9"]
[EventCountry "AUT"]

1. d4 Nf6 2. Bf4 d5 3. e3 e6 4. Nf3 c5 5. c3 Bd6 6. Bg3 Qc7 7. Nbd2 Nbd7 8. Be2
O-O 9. O-O Bxg3 10. hxg3 e5 11. dxe5 Nxe5 12. Nxe5 Qxe5 13. Nf3 Qe7 14. Qc2 Bd7
15. Rad1 Bc6 16. c4 Rfd8 17. cxd5 Bxd5 18. a3 Be4 19. Bd3 b6 20. Bxe4 Nxe4 21.
Nd2 Nxd2 22. Rxd2 Rxd2 23. Qxd2 Rd8 24. Qc2 Qd6 25. Rc1 g6 26. Kf1 Qd2 27. Qxd2
Rxd2 28. b4 cxb4 29. axb4 Rb2 30. Rc7 Rxb4 31. Rxa7 Rb2 32. Rb7 b5 33. g4 b4
34. f3 b3 35. f4 Rb1+ 36. Kf2 b2 37. Ke2 Rg1 38. Kf2 b1=Q 39. Rxb1 Rxb1 40. e4
Rb4 41. Ke3 Kg7 42. f5 gxf5 43. gxf5 Kf6 44. Kf4 h5 45. Kf3 Ke5 46. g4 hxg4+
47. Kxg4 Rxe4+ 48. Kg5 Rf4 49. Kh6 Rg4 50. Kh7 Kf6 51. Kh8 Kxf5 52. Kh7 Ke6 53.
Kh6 f5 {Chachacha7 gibt auf}  0-1

[Event "1. OEsterreichische Internet Schach Meisterschaft - Vorrunde 1"]
[Site "Online - Playchess.com"]
[Date ""]
[Round "1"]
[Board "60"]
[White "Kanzian, Heinz"]
[Black "Schneider-Zinner, Werner"]
[Result "0-1"]
[WhiteElo "1642"]
[BlackElo "1967"]
[PlyCount "124"]
[EventDate "2020.04.11"]
[EventRounds "9"]
[EventCountry "AUT"]

1. e4 e5 2. Nf3 Nf6 3. Nc3 Nc6 4. Bc4 Nxe4 5. Nxe4 d5 6. Bxd5 Qxd5 7. d3 Be7 8.
O-O O-O 9. c4 Qd8 10. Bg5 Bxg5 11. Nexg5 h6 12. Qd2 hxg5 13. Nxg5 Bf5 14. h3
Nd4 15. Rad1 Ne6 16. Nf3 Qf6 17. Nh2 Rad8 18. Qe2 Nd4 19. Qe3 Rfe8 20. b3 Bg6
21. Ng4 Qf4 22. Qxf4 exf4 23. f3 Bf5 24. Nf2 Ne2+ 25. Kh2 c6 26. Rd2 Re7 27.
Re1 Rde8 28. Ne4 Nd4 29. b4 Bxe4 30. fxe4 f3 31. Rg1 fxg2 32. Rgxg2 Re6 33. Kh1
Rf6 34. Rdf2 Rxf2 35. Rxf2 Re5 36. Kh2 f5 37. exf5 Rxf5 38. Rxf5 Nxf5 39. Kg2
Kf7 40. Kf3 Kf6 41. Kf4 Nd4 42. Ke4 Nc2 43. b5 cxb5 44. cxb5 Na3 45. b6 axb6
46. d4 Nb5 47. d5 Nd6+ 48. Kf4 g5+ 49. Ke3 Ke5 50. Kf3 Kxd5 51. Kg4 Ne4 52. Kf3
Kd4 53. a3 b5 54. Kg4 Ke5 55. Kf3 Nd6 56. Kg4 Nf7 57. Kf3 Kf5 58. Ke3 Nd6 59.
Kd3 Nc4 60. a4 bxa4 61. Kxc4 b5+ 62. Kb4 Kf4 {HeinzK gibt auf}  0-1

[Event "1. OEsterreichische Internet Schach Meisterschaft - Vorrunde 1"]
[Site "Online - Playchess.com"]
[Date ""]
[Round "1"]
[Board "61"]
[White "Huliak, Peter"]
[Black "Haemmerle, Dietmar"]
[Result "1-0"]
[WhiteElo "1958"]
[BlackElo "1762"]
[PlyCount "143"]
[EventDate "2020.04.11"]
[EventRounds "9"]
[EventCountry "AUT"]

1. e4 e6 2. Nc3 d5 3. d4 dxe4 4. Nxe4 Nf6 5. Ng3 Be7 6. Nf3 O-O 7. Bc4 c6 8.
O-O Nbd7 9. Bf4 Nd5 10. Qd2 Nxf4 11. Qxf4 Nf6 12. Ne5 Bd6 13. Rad1 b6 14. Ne4
Nxe4 15. Qxe4 Qc7 16. Bd3 f5 17. Qe2 g6 18. Bc4 b5 19. Bb3 Kg7 20. Rd3 Bb7 21.
Bxe6 Rae8 22. Bb3 Bxe5 23. dxe5 Rxe5 24. Qd2 Re7 25. Rc1 c5 26. c4 b4 27. Rd1
Qc6 28. Rg3 f4 29. Rg4 h5 30. Rg5 Kh6 31. h4 f3 32. Qd6 Qxd6 33. Rxd6 Rg8 34.
g3 Re1+ 35. Kh2 Re2 36. Kg1 Rxb2 37. Rd1 Be4 38. Rxc5 Bc2 39. Bxc2 Rxc2 40. Rb5
Rxa2 41. Rxb4 Re8 42. Rb3 Rc2 43. Rxf3 Rxc4 44. Ra1 Re7 45. Kg2 Rc5 46. Rf6 a5
47. Ra6 Ree5 48. Ra2 Rf5 49. Kh3 Rfd5 50. f3 Rf5 51. Ra3 Rfd5 52. g4 hxg4+ 53.
fxg4 Re5 54. Kg3 Red5 55. Ra7 Rc1 56. g5+ Rxg5+ 57. hxg5+ Kxg5 58. R7xa5+ Kh6
59. Rf3 Rg1+ 60. Kf4 g5+ 61. Kf5 Rd1 62. Rh3+ Kg7 63. Ra7+ Kg8 64. Kxg5 Rg1+
65. Kf4 Rf1+ 66. Rf3 Re1 67. Kf5 Rb1 68. Kg6 Rg1+ 69. Kf6 Rg7 70. Rxg7+ Kf8 71.
Kg6+ Ke8 72. Rff7 {Didihamson gibt auf}  1-0

[Event "1. OEsterreichische Internet Schach Meisterschaft - Vorrunde 1"]
[Site "Online - Playchess.com"]
[Date ""]
[Round "1"]
[Board "62"]
[White "Heinritz, Dietmar"]
[Black "Grafenberger, Dieter"]
[Result "1/2-1/2"]
[WhiteElo "1887"]
[BlackElo "1953"]
[PlyCount "135"]
[EventDate "2020.04.11"]
[EventRounds "9"]
[EventCountry "AUT"]

1. d4 d6 2. e4 c6 3. c4 Nd7 4. Nc3 Qc7 5. g3 e5 6. dxe5 dxe5 7. Bg2 Be7 8. Be3
Ngf6 9. b3 O-O 10. Qc2 Nc5 11. f3 Ne6 12. Nge2 Rd8 13. O-O Bb4 14. a3 Be7 15.
Rad1 Rxd1 16. Rxd1 b6 17. b4 Bb7 18. h4 Rd8 19. Kh2 h6 20. Bh3 Bc8 21. Bxe6
Bxe6 22. Nb1 Rxd1 23. Qxd1 Bxc4 24. Ng1 Qd6 25. Qxd6 Bxd6 26. Nd2 Be6 27. g4
Nd7 28. Ne2 Kf8 29. Nc1 Ke7 30. Nd3 c5 31. bxc5 bxc5 32. Nb2 Nb6 33. a4 a5 34.
Kg2 Kd7 35. Kf2 Kc6 36. Ke2 Bd7 37. Ndc4 Nxc4 38. Nxc4 Bc7 39. Bd2 Be6 40.
Nxa5+ Bxa5 41. Bxa5 c4 42. Kd2 Kc5 43. Kc3 g6 44. Bc7 f5 45. gxf5 gxf5 46. Bxe5
fxe4 47. fxe4 h5 48. Bf6 Bd7 49. Be7+ Kb6 50. Kxc4 Bxa4 51. Kd4 Kc7 52. Ke5 Kd7
53. Ba3 Ke8 54. Kf6 Bd1 55. Bd6 Bg4 56. Kg5 Bf3 57. e5 Bg4 58. Kf6 Bf3 59. e6
Bg4 60. Bc5 Bf3 61. Be3 Bg4 62. Bh6 Bf3 63. Ke5 Bg4 64. Kd6 Bf3 65. Ke5 Bg4 66.
Kf6 Bf3 67. Kg5 Bg4 68. Kf6  1/2-1/2

[Event "1. OEsterreichische Internet Schach Meisterschaft - Vorrunde 1"]
[Site "Online - Playchess.com"]
[Date ""]
[Round "1"]
[Board "63"]
[White "Ticar, Clemens"]
[Black "Schwarz, Christian"]
[Result "0-1"]
[WhiteElo "1753"]
[BlackElo "1948"]
[PlyCount "62"]
[EventDate "2020.04.11"]
[EventRounds "9"]
[EventCountry "AUT"]

1. d4 Nf6 2. c4 g6 3. Nc3 d5 4. Nf3 Bg7 5. Bg5 dxc4 6. e4 c6 7. Bxc4 Qa5 8. O-O
Bg4 9. Bd2 Qb4 10. Qb3 Qxb3 11. axb3 O-O 12. Ne5 Nbd7 13. f3 Be6 14. Bxe6 fxe6
15. Nd3 a6 16. Nf4 Kf7 17. Rfe1 Rfd8 18. d5 exd5 19. exd5 cxd5 20. Ncxd5 e5 21.
Nxf6 Nxf6 22. Ne2 Rxd2 23. Nc3 Re8 24. b4 Rxb2 25. Rab1 Rxb1 26. Rxb1 Rc8 27.
Na4 e4 28. fxe4 Nxe4 29. Nb6 Bd4+ 30. Kf1 Bxb6 31. b5 Nd2+ {Racit gibt auf}  0-1

[Event "1. OEsterreichische Internet Schach Meisterschaft - Vorrunde 1"]
[Site "Online - Playchess.com"]
[Date ""]
[Round "1"]
[Board "64"]
[White "Schroettner, Martin"]
[Black "Zechner, Andrea"]
[Result "1-0"]
[WhiteElo "1934"]
[BlackElo "1862"]
[PlyCount "45"]
[EventDate "2020.04.11"]
[EventRounds "9"]
[EventCountry "AUT"]

1. Nf3 d5 2. c4 c6 3. b3 Nf6 4. Bb2 e6 5. e3 Nbd7 6. Nc3 Bd6 7. Qc2 O-O 8. Rg1
e5 9. cxd5 cxd5 10. g4 Nb6 11. g5 Nh5 12. h4 Re8 13. Be2 Bb4 14. Nxe5 Rxe5 15.
Bxh5 Bf5 16. Qd1 d4 17. Ne2 Re6 18. Nxd4 Re5 19. f4 Rd5 20. Bf3 Rc5 21. a3 Ba5
22. b4 Rb5 23. Nxb5  1-0

[Event "1. OEsterreichische Internet Schach Meisterschaft - Vorrunde 1"]
[Site "Online - Playchess.com"]
[Date ""]
[Round "1"]
[Board "65"]
[White "Rosol, Alexander"]
[Black "Kienboeck, Samuel"]
[Result "1-0"]
[WhiteElo "1933"]
[BlackElo "1056"]
[PlyCount "115"]
[EventDate "2020.04.11"]
[EventRounds "9"]
[EventCountry "AUT"]

1. e4 e5 2. Nf3 Nc6 3. d4 exd4 4. Bc4 Nf6 5. O-O Bc5 6. c3 O-O 7. cxd4 Bb4 8.
Bg5 d5 9. Bxd5 Be6 10. Bxc6 bxc6 11. e5 h6 12. Bh4 g5 13. Nxg5 hxg5 14. Bxg5
Be7 15. exf6 Bxf6 16. Bxf6 Qxf6 17. Nc3 Rab8 18. Ne4 Qg6 19. Qf3 Bd5 20. Nf6+
Kg7 21. Nxd5 cxd5 22. Qxd5 c6 23. Qe5+ f6 24. Qc7+ Kh6 25. b3 Qf7 26. Qf4+ Kg6
27. Rfe1 Qd5 28. Re7 Rbe8 29. Qg4+ Qg5 30. Qxg5+ fxg5 31. Rxe8 Rxe8 32. Kf1 Kf5
33. f3 Kf4 34. Kf2 g4 35. g3+ Kg5 36. f4+ Kf5 37. Rc1 Rc8 38. d5 Ke4 39. dxc6
Kd5 40. c7 Kd6 41. f5 Ke5 42. b4 Kxf5 43. b5 Ke6 44. a4 Kd6 45. Ke3 Kd5 46. a5
Kd6 47. b6 axb6 48. axb6 Re8+ 49. Kf4 Kd7 50. b7 Rf8+ 51. Kxg4 Rg8+ 52. Kh3
Rh8+ 53. Kg2 Rh6 54. c8=Q+ Ke7 55. b8=Q Kf7 56. Qbc7+ Kg6 57. Rc6+ Kh5 58. Qe5#
 1-0

[Event "1. OEsterreichische Internet Schach Meisterschaft - Vorrunde 1"]
[Site "Online - Playchess.com"]
[Date ""]
[Round "1"]
[Board "66"]
[White "Filek, Mattias"]
[Black "Virag, Herbert"]
[Result "1/2-1/2"]
[WhiteElo "1932"]
[BlackElo "1772"]
[PlyCount "88"]
[EventDate "2020.04.11"]
[EventRounds "9"]
[EventCountry "AUT"]

1. e4 c5 2. Nf3 Nc6 3. d4 cxd4 4. Nxd4 g6 5. Nc3 Bg7 6. Be3 Nf6 7. f3 O-O 8. g4
d6 9. Qd2 Qa5 10. O-O-O Nxd4 11. Bxd4 Be6 12. Kb1 Rfc8 13. a3 a6 14. h4 b5 15.
Nd5 Qxd2 16. Rxd2 Bxd5 17. exd5 Nd7 18. Bxg7 Kxg7 19. h5 Ne5 20. Bg2 Rc5 21.
hxg6 hxg6 22. Rd4 Rac8 23. c3 Nc4 24. g5 Ne3 25. Rdh4 Rg8 26. Bf1 Nxf1 27. Rxf1
Rxd5 28. f4 Rd2 29. Kc1 Rg2 30. Re1 Kf8 31. Rh3 e6 32. Rd3 Ke7 33. Red1 d5 34.
b3 Rh8 35. c4 bxc4 36. bxc4 Rhh2 37. cxd5 Rc2+ 38. Kb1 Rb2+ 39. Ka1 Ra2+ 40.
Kb1 Rhb2+ 41. Kc1 Rc2+ 42. Kb1 Rcb2+ 43. Kc1 Rc2+ 44. Kb1 Rcb2+  1/2-1/2

[Event "1. OEsterreichische Internet Schach Meisterschaft - Vorrunde 1"]
[Site "Online - Playchess.com"]
[Date ""]
[Round "1"]
[Board "67"]
[White "Katter, Katharina"]
[Black "Fugger, Christian"]
[Result "0-1"]
[WhiteElo "1930"]
[BlackElo "1818"]
[PlyCount "148"]
[EventDate "2020.04.11"]
[EventRounds "9"]
[EventCountry "AUT"]

1. d4 d5 2. Nf3 e6 3. e3 Nf6 4. c4 Bb4+ 5. Nc3 O-O 6. Qc2 c5 7. a3 Bxc3+ 8.
bxc3 cxd4 9. cxd4 Nc6 10. Bd3 dxc4 11. Bxc4 Qc7 12. O-O b6 13. Bd3 Bb7 14. Bb2
Rac8 15. Rac1 Qd6 16. Qb3 Na5 17. Qb4 Qxb4 18. axb4 Nc6 19. b5 Nb4 20. Be2 Rfd8
21. Rxc8 Rxc8 22. Rc1 Rxc1+ 23. Bxc1 Kf8 24. Ne5 Ke8 25. Bd2 Nbd5 26. Bf3 Nd7
27. Nc4 f6 28. Nd6+ Kd8 29. Nxb7+ Kc7 30. Na5 bxa5 31. Bxa5+ Kd6 32. e4 N5b6
33. Bxb6 Nxb6 34. Be2 e5 35. d5 f5 36. f3 g6 37. Kf2 Kc5 38. Ke3 f4+ 39. Kd2
Nd7 40. Kc3 g5 41. h3 h6 42. Bd1 Nb6 43. Be2 Nd7 44. Kb3 Nb6 45. Bd3 Nd7 46.
Ka4 Kb6 47. Kb4 Nc5 48. Bc4 Nd7 49. d6 Nc5 50. Be6 Nxe6 51. d7 Nd8 52. Kc4 Kc7
53. Kd5 Kxd7 54. Kxe5 Kc7 55. Kf6 Kb6 56. e5 Kxb5 57. e6 Nxe6 58. Kxe6 a5 59.
Kf6 a4 60. Kg6 a3 61. Kxh6 a2 62. Kxg5 a1=Q 63. Kxf4 Qd4+ 64. Kg5 Qf2 65. g4
Qxf3 66. h4 Kc5 67. h5 Kd6 68. h6 Qf7 69. Kh4 Ke5 70. g5 Kf5 71. g6 Qxg6 72.
Kh3 Kf4 73. Kh2 Kf3 74. Kh1 Qg2#  0-1

[Event "1. OEsterreichische Internet Schach Meisterschaft - Vorrunde 1"]
[Site "Online - Playchess.com"]
[Date ""]
[Round "1"]
[Board "68"]
[White "Janes, Christian"]
[Black "Kienboeck, Benjamin"]
[Result "0-1"]
[WhiteElo "1740"]
[BlackElo "1922"]
[PlyCount "128"]
[EventDate "2020.04.11"]
[EventRounds "9"]
[EventCountry "AUT"]

1. e4 c5 2. Nf3 d6 3. c3 Nf6 4. d4 Nxe4 5. Bd3 Nf6 6. O-O cxd4 7. Nxd4 Nc6 8.
Bb5 Bd7 9. Re1 e6 10. Bg5 Be7 11. Bxc6 Bxc6 12. Nxc6 bxc6 13. Qa4 Qd7 14. Nd2
O-O 15. Rad1 Rab8 16. b4 d5 17. Bxf6 Bxf6 18. Nb1 Qc7 19. a3 a5 20. g3 axb4 21.
axb4 c5 22. b5 Qb6 23. c4 dxc4 24. Qxc4 Qxb5 25. Qxb5 Rxb5 26. Rc1 Rfb8 27. Na3
Rb3 28. Nc4 Rc3 29. Rxc3 Bxc3 30. Rd1 Bd4 31. Kg2 g6 32. h4 Rb4 33. Nd2 Rb2 34.
Kf3 Rc2 35. Ne4 e5 36. g4 c4 37. Nf6+ Kg7 38. g5 Rxf2+ 39. Ke4 Rf4+ 40. Kd5
Rxh4 41. Kxc4 Be3+ 42. Kd5 Bxg5 43. Ne8+ Kf8 44. Nd6 Ke7 45. Nc8+ Kd8 46. Nb6
Rd4+ 47. Rxd4 exd4 48. Kxd4 Ke7 49. Ke4 Ke6 50. Nd5 f5+ 51. Kd4 Bf6+ 52. Kc4
Be5 53. Ne3 h5 54. Kd3 f4 55. Nc4 Kd5 56. Nd2 g5 57. Nf3 g4 58. Nh4 Bf6 59. Ng2
Bg5 60. Ne1 f3 61. Nc2 h4 62. Nb4+ Kc5 63. Nc2 h3 64. Ne1 f2  0-1